Statistics for Colours in different European languages

Click here to take the quiz!

General Stats

  • This quiz has been taken 75 times
    (60 since last reset)
  • The average score is 33 of 130

Answer Stats

Answer% Correct
BlueNorwegianBlå
95%
GoldFrenchL'Or
90%
WhiteFrenchBlanc
80%
BlueFrenchBleu
78%
OrangeFrench | GermanOrange
78%
RedFrenchRouge
78%
BlueGermanBlau
66%
RedGermanRot
66%
BlackFrenchNoir
63%
WhiteSpanishBlanco
61%
PinkGerman | Italian | Norwegian | PortugueseRosa
61%
PinkFrenchRose
61%
PurpleFrenchViolet
61%
WhiteGermanWeiß
61%
GreyFrench | SpanishGris
59%
BrownSpanishMarrón
59%
BrownFrenchMarron
59%
RedSpanishRojo
59%
BrownGermanBraun
56%
GreyNorwegianGrå
56%
YellowFrenchJaune
56%
BlackSpanishNegro
56%
GoldItalian | SpanishOro
56%
GreenFrenchVert
56%
BluePortuguese | SpanishAzul
51%
BlueItalianBlu
51%
GreenGermanGrün
51%
GoldGermanGold
49%
BlackGermanSchwarz
49%
YellowSpanishAmarillo
46%
BrownNorwegianBrun
46%
OrangeSpanishNaranja
46%
GreenItalian | Portuguese | SpanishVerde
46%
YellowGermanGelb
44%
GreyGermanGrau
41%
SilverFrenchArgent
39%
RedItalianRosso
39%
BlackItalianNero
37%
SilverGermanSilber
34%
WhiteItalianBianca
32%
PurpleHungarianLila
29%
OrangeDutchOranje
29%
RedNorwegianRød
29%
GreenDutchGroen
24%
WhiteDutchWit
24%
SilverItalianArgento
20%
PurpleGermanViolett
20%
BrownWelshBrown
17%
BrownItalianMarrone
17%
SilverSpanishPlata
17%
BlackDutchZwart
17%
GreyItalianGrigio
15%
YellowNorwegianGul
15%
RedDutchRood
15%
BlueDutchBlauw
12%
BrownDutchBruin
12%
YellowItalianGiallo
12%
GreyDutchGrijs
12%
GoldPortugueseOuro
12%
PinkSpanishRosado
12%
PinkDutchRoze
12%
RedPortugueseVermelho
12%
YellowPortugueseAmarelo
10%
OrangeItalianArancione
10%
WhitePortugueseBranco
10%
YellowDutchGeel
10%
PurpleSpanishPúrpura
10%
PurpleItalianViola
10%
GoldDutchGoud
7%
PurpleDutchPaars
7%
PurplePortugueseRoxo
7%
SilverDutchZilver
7%
GoldWelshAur
5%
BlueWelshGlas
5%
WhiteNorwegianHvit
5%
OrangePortugueseLaranja
5%
PurpleNorwegianLilla
5%
OrangeNorwegianOransje
5%
OrangeWelshOren
5%
SilverNorwegianSølv
5%
BlackNorwegianSvart
5%
BrownPortugueseCastanho
2%
GreyPortugueseCinzento
2%
GreenNorwegianGrønn
2%
GoldNorwegianGull
2%
SilverPortuguesePrata
2%
BlackPortuguesePreto
2%
GoldHungarianArany
0%
SilverWelshArian
0%
BrownHungarianBarna
0%
WhiteUkrainianBilyy
0%
RedUkrainianChervonyy
0%
BlackUkrainianChornyy
0%
RedWelshCoch
0%
BlackWelshDu
0%
SilverHungarianEzüst
0%
WhiteHungarianFehér
0%
BlackHungarianFekete
0%
PurpleUkrainianFioletovyy
0%
WhiteWelshGwyn
0%
GreenWelshGwyrdd
0%
BlueHungarianKék
0%
BrownUkrainianKorychnevyy
0%
GreyWelshLlwyd
0%
YellowWelshMelyn
0%
OrangeHungarianNarancssárga
0%
PinkWelshPinc
0%
RedHungarianPiros
0%
OrangeUkrainianPomaranchevyy
0%
PurpleWelshPorffor
0%
PinkUkrainianRozhevyy
0%
PinkHungarianRózsaszín
0%
YellowHungarianSárga
0%
GreyUkrainianSiryy
0%
SilverUkrainianSribnyy
0%
BlueUkrainianSyniy
0%
GreyHungarianSzürke
0%
GreenUkrainianZelenyy
0%
YellowUkrainianZhovtyy
0%
GreenHungarianZöld
0%
GoldUkrainianZoloto
0%

Score Distribution

Percentile by Number Answered

Percent of People with Each Score

Your Score History

You have not taken this quiz since the last reset